000 01530nam a2200349 a 4500
001 ebr10568855
003 CaPaEBR
006 m u
007 cr cn|||||||||
008 120618s2009 qea sb 000 0 eng d
020 _z9781921513312
020 _z9781921513329 (e-book)
040 _aCaPaEBR
_cCaPaEBR
035 _a(OCoLC)794664062
050 1 4 _aRC467.7
_b.P45 2009eb
100 1 _aPelling, Nadine.
245 1 4 _aThe practice of clinical supervision
_h[electronic resource] /
_cNadine Pelling, John Barletta, Philip Armstrong.
260 _aBowen Hills, Qld. :
_bAustralian Academic Press,
_c2009
_g(2011 printing)
300 _axxii, 388 p.
504 _aIncludes bibliographical references.
505 0 _asection 1. Introduction -- section 2. Professional issues -- section 3. Approaches -- section 4. People -- section 5. Evaluation -- section 6. Emerging and specialist issues.
533 _aElectronic reproduction.
_bPalo Alto, Calif. :
_cebrary,
_d2011.
_nAvailable via World Wide Web.
_nAccess may be limited to ebrary affiliated libraries.
650 0 _aClinical psychologists
_xSupervision of.
650 0 _aPsychotherapists
_xSupervision of.
650 0 _aCounselors
_xSupervision of.
650 0 _aPersonnel management.
655 7 _aElectronic books.
_2local
700 1 _aBarletta, John.
700 1 _aArmstrong, Philip.
710 2 _aebrary, Inc.
856 4 0 _uhttp://site.ebrary.com/lib/rucke/Doc?id=10568855
_zAn electronic book accessible through the World Wide Web; click to view
999 _c81791
_d81791